1869 1726 1112 1499 1511 1097 1026 1535 1431 1900 1079 1686 1787 1553 1614 1323 1018 1893 1506 1145 1596 1558 1588 1419 1305 1620 1470 1931 1838 1014 1838 1934 1388 1988 1217 1911 1376 1436 1560 1983 1173 1250 1909 1901 1665 1198 1253 1359 1958 1535 1480 1988 1914 1820 1278 1339 1406 1095 1772 1061 1911 1940 1391 1807 1647 1523 1787 1984 1934 1173 1606 1663 1103 1326 1754 1311 1647 1830 1551 1387 1977 1325 1421 1463 1110 1566 1149 1729 1987 1126 1442 1405 1690 1127 1870 1438 1425 1610 1070 BCNSPRNW ULIB Ver.6.0+V

เปลี่ยนเป็นภาษาไทย

Change to English
 แสดงรายละเอียดบรรณานุกรม
  กลับหน้าหลัก

Brief Record : Get Marc (ISO 2709) : E-mail record : QR code < ปิดหน้าต่าง
LEADER : 00000nam 2200000uu 4500
001    13399112102
003     ULIB
008    110726s2542||||th 000 0 tha d
020    9746619896
060 04 WA20.5^bพ721ก 2542
100 0  พิพัฒน์ ลักษมีจรัลกุล
245 10 กระบวนการวิจัยทางวิทยาศาสตร์สุขภาพ :^bตัวอย่างงานวิจัยเน้นด้านโรคติดเชื้อ = Research process in health science /^cพิพัฒน์ ลักษมีจรัลกุล
246 31 Research process in health science
260    กรุงเทพฯ :^bเจริญดีการพิมพ์,^c2542
300    202 หน้า
650  4 กระบวนการวิจัย
650  4 วิทยาศาสตร์สุขภาพ^xวิจัย
945    ^p0^l0^i011818
995    ทศพร
999 ^a ทศพร
รายการนี้ยังไม่มีแท็ก
คุณยังไม่ได้ล็อกอิน คุณสามารถมีกิจกรรมร่วมกับเว็บไซต์ได้ แต่ต้องล็อกอินก่อน ::
  ล็อกอิน

รายการสื่อสารสนเทศ

ลำดับที่ ประเภท เลขเรียก/บาร์โค้ด สถานที่ สถานะ
- ไม่พบข้อมูล -

รายการใกล้เคียง
    ผู้แต่ง [พิพัฒน์ ลักษมีจรัลกุล]

    หัวเรื่อง [กระบวนการวิจัย]

BibComment


ยังไม่เคยถูกคอมเมนท์

คอมเมนท์ทรัพยากรรายการนี้
  คอมเมนท์: กระบวนการวิจัยทาง..


 Copyright 2026. Bcnsprnw @Library